Optical electronics (Record no. 163045)

MARC details
000 -LEADER
fixed length control field 00382nam a2200157Ia 4500
008 - FIXED-LENGTH DATA ELEMENTS--GENERAL INFORMATION
fixed length control field 231217s9999 xx 000 0 und d
041 ## - LANGUAGE CODE
Language code of text/sound track or separate title English
082 ## - DEWEY DECIMAL CLASSIFICATION NUMBER
Classification number 621.3692 GHA
100 ## - MAIN ENTRY--PERSONAL NAME
Personal name Ghatak, Ajoy Thyagarajan K
245 #0 - TITLE STATEMENT
Title Optical electronics
250 ## - EDITION STATEMENT
Edition statement 1st ed.
260 ## - PUBLICATION, DISTRIBUTION, ETC.
Date of publication, distribution, etc. 1993
Name of publisher, distributor, etc. Foundation Books
300 ## - PHYSICAL DESCRIPTION
Extent 624
650 ## - SUBJECT ADDED ENTRY--TOPICAL TERM
Topical term or geographic name entry element Optical electronics
942 ## - ADDED ENTRY ELEMENTS (KOHA)
Koha item type Books
Holdings
Date last seen Total checkouts Full call number Accession number Cost, total (INR) price Price effective from Category Public note Lost status Damaged status Department Withdrawn status Home library Current library Entry date Vendor Cost, normal purchase price Grants Billnumber Billdate Currency symbol Conversion rate Discount Old discount
26/01/2024   621.3692 GHA 6162 123.25 26/01/2024 Books Missing 2020     Central Library   Central Library Central Library 04/12/1993 Sapna Book House 145.00 EC 21624 16/12/1996 RS 1 21.75 15

© For any Suggestions or Query, please contact the library staff @ librarian@pes.edu or Phone: +9180 2672 1983/ 2108.